000
00272nam a22001097a 4500
008
170105b xxu||||| |||| 00| 0 eng d
020
_a
9780721644363
041
_a
eng
080
_a
618.2
245
_a
UNDERSTANDING NURSING RESEARCH
_c
BURNS, N & GROVE, S.K
942
_2
udc
_c
BK
999
_c
2586
_d
2586